000 00627cam a2200205u 4500
999 _c329318
_d329318
001 8346107
003 ASAB
005 20170503110005.0
008 820625s1947 nyua 000 0 eng
010 _aagr47000047
020 _a81-7754-219-2
040 _aDLC
_cASAB
_dDLC
050 0 0 _aSH159
_b.E3
082 _a639
100 1 _aEdminster, Frank C.
_q(Frank Custer),
_d1903-
245 0 0 _aFish ponds for the farm.
_cby Edminster, Frank C.
260 _aIndia
_bAgrobios ( india )
_c1947.
300 _axii, 114 p.
_billus.
_c27 cm.
650 0 _aFish ponds.
650 0 _aFish culture.
906 _a0
_bcbc
_cpremunv
_du
_encip
_f19
_gy-gencatlg
942 _2ddc
_cBK